01426 2200517 4500001002100000005001500021035002500036020002200061020002200083040001200105082001400117084001800131084002000149100002500169245009600194250001100290260004100301300002900342504003100371650002800402850001300430990002100443990002100464990002100485990001800506990001800524990001800542990001800560990002000578990002000598990002100618990002100639990002100660990001800681990001800699990001800717990001800735990002000753990002100773990002100794990002100815990001800836990001800854990001800872990001800890INLIS00000000002134020250814105853 a0010-071600000000131 a978-602-391-076-2 a978-602-7573-11-6 aYOPDDIY 223a297.3 aQ 297.3 Naw R aCOE 297.3 Naw R aNAWARI ISMAIL, 1962- aRelasi kuasa dalam pengubahan budaya komunitas negara muslim, wong sikep /c/ Nawari Ismail aCet. 1 aBandung :bKarya Putra Dawati,c2012 avi, 225 hlm. ;c; 27 cm. aBibliografi : hlm. 211-220 aHidup Keagamaan (Islam) aBPAD DIY a1610-RBM/PD.A.16 a1611-RBM/PD.A.16 a1612-RBM/PD.A.16 a52486-PD/A.16 a52487-PD/A.16 a52488-PD/A.16 a52489-PD/A.16 a73667-PD/A.2025 a73667-PD/A.2025 a1610-RBM/PD.A.16 a1611-RBM/PD.A.16 a1612-RBM/PD.A.16 a52486-PD/A.16 a52487-PD/A.16 a52488-PD/A.16 a52489-PD/A.16 a73667-PD/A.2025 a1610-RBM/PD.A.16 a1611-RBM/PD.A.16 a1612-RBM/PD.A.16 a52486-PD/A.16 a52487-PD/A.16 a52488-PD/A.16 a52489-PD/A.16